UK cities with the most expensive pints of Guinness - Statistics

General Stats
  • This quiz has been taken 55 times
  • The average score is 5 of 10
Answer Stats
Hint Answer % Correct
£6.42 London
100%
£5.66 Edinburgh
80%
£4.93 Glasgow
70%
£4.99 Brighton
60%
£5.08 Oxford
50%
£5.36 Cambridge
44%
£5.43 York
38%
£4.91 Portsmouth
32%
£5.05 Reading
20%
£4.97 Watford
12%
No matching quizzes found
Score Distribution
Percent of People with Each Score
Percentile by Number Answered
Your Score History
You have not taken this quiz